00278nam a2200109Ia 4500008004100000041000800041100002700049245004500076260002000121365000800141999001900149231011s9999 xx 000 0 und d aeng aL.R.Jauch / W.F Glueck aBusiness Policy and Strategic Management bM.G.H Newyork - b199 c884137d884137